000 00144 a2200073 4500
020 _a1869047893
082 _a0940059061
245 _aWEDLOOP NA GELUK
999 _c787522
_d787521
942 _w13411
_xBongani Makatu
_y13411
_zBongani Makatu